00691 2200265 4500001002100000005001700021008004100038020001800079035002400097090001300121245004300134260003900177300002500216440003100241500003100272500001100303650001500314700002100329850001500350980001500365985000600380986000900386999001500395999001500410YOGYA-0209000000231020090227020525.0 ind  a981-301-830-5 0010-020900000002310 a720bArc aARCHITECTUREceditor, Gunawan Tjahjono aSingaporebArchipelago Pressc2001 a142 hlmbilusc30 cm aIndonesian heritage series aBibliografi : hlm. 138-139 aIndeks aArsitektur aCahyono, Gunawan aYOPDYOG[M] a01-02-2005 a2 aSofi a04B0002429 a04B0002430